| 000 | 00487nam a2200205Ia 4500 | ||
|---|---|---|---|
| 008 | 170918s9999 xx 000 0 und d | ||
| 020 | _a9780439271959 | ||
| 050 | _bK923 2001 | ||
| 100 | _aKrensky, Stephen | ||
| 245 | _aEgypt / | ||
| 245 | _cby Stephen Krensky. | ||
| 260 | _aNew York : | ||
| 260 | _bScholastic, | ||
| 260 | _c2001 | ||
| 300 | _a48 pages : | ||
| 300 | _bcolored illustration ; | ||
| 300 | _c22cm. | ||
| 440 | _aScholastic history readers. | ||
| 500 | _a890 | ||
| 999 |
_c343028 _d343028 |
||